000 00671nam a2200289Ia 4500
005 20260324125741.0
008 008 260324s9999 xx 000 0 eng d
020 _a9780203938904
037 _aEBOOK
040 _aCRL
040 _beng
040 _cCRL
041 _2eng
041 _aeng
084 _qCRL
100 _aPeter Mariƫn; Jubin Abutalebi
_91179170
245 0 _aNeuropsychological Research
245 2 _bA Review
260 _bTaylor and Francis
260 _c2008
365 _a
365 _b230
856 _uhttp://www.taylorfrancis.com/books/9780203938904
942 _cEBOOK
999 _c1774713
_d1774713